000
00294nam a2200133Ia 4500
008
191201s2012 xx 000 0 und d
100
_a
GUPTA, S.L.
245
0
_a
Research Methodology
250
_a
Rep
260
_a
N. delhi
_b
IBH
_c
2012
300
_a
474
650
_a
MBA
942
_2
ddc
_c
BK
_0
4
999
_c
5456
_d
5456